Science Quiz

Random Science Quiz

Can you name the Brand Name and Generics? Quiz Stats

 Plays Quiz not verified by Sporcle

Support Sporcle.
Go Orange.
Score 0/31 Timer 15:00
0 Plays Today
Brand Name Generic % Correct
ZyloprimAllopurinol
100%
ColcrysColchicine
100%
Ferrous SulfateFerrous Sulfate
100%
Ortho Tri-Cyclen, Ortho Tri-Cyclen Lo, Ortho Evra (patch)Norgestimate with Ethinyl Estradiol
85.7%
ProscarFinasteride
85.7%
BentylDicyclomine Hydrochloride
85.7%
MethotrexateMethotrexate Sodium
85.7%
PepcidFamotidine
85.7%
NexiumEsomeprazole Magnesium
85.7%
ReglanMetoclopramide Hydrochloride
85.7%
EstraceEstradiol
85.7%
MircetteDesogestrel with Ethinyl Estradiol (0.15
85.7%
ProtonixPantoprazole Sodium
85.7%
PhenerganPromethazine Hydrochloride
85.7%
ViagraSildenafil Citrate
85.7%
Ditropan XLOxybutynin Chloride
85.7%
Brand Name Generic % Correct
Potassium Chloride (Klor-Con, microK)Potassium Chloride
85.7%
HytrinTerazosin Hydrochloride
85.7%
Adipex-PPhentermine Hydrochloride
85.7%
CialisTadalafil
85.7%
MiralaxPolyethylene Glycol 3350, NF
85.7%
FlomaxTamsulosin Hydrochloride
85.7%
PrevacidLansoprazole
85.7%
PremproEstrogens (Conjugated) with Medroxyprogesterone Acetate
71.4%
Detrol (LA)Tolterodine Tartrate
71.4%
ZantacRanitidine Hydrochloride
71.4%
AciphexRabeprazole Sodium
71.4%
ZofranOndansetron Hydrochloride
71.4%
EvistaRaloxifene Hydrochloride
71.4%
NuvaRingEtonogestrel with Ethinyl Estradiol
71.4%
Yaz, Ocella, YasminDrospirenone with Ethinyl Estradiol
71.4%

You're not logged in!

Compare scores with friends on all Sporcle quizzes.
OR
Log In

From the Vault

'Soft Kitty' Danger Zone

by mk31

And we call this quiz...Zazzy.
Remove Ads.
Support Sporcle.
Get the best of Sporcle when you Go Orange. This ad-free experience offers more features, more stats, and more fun while also helping to support Sporcle. Thank you for becoming a member.

Show Comments

Extras

Created Mar 26, 2012ReportNominate
Tags:brand, Brand Names, Generic

Top Quizzes Today


Score Distribution

Your Account Isn't Verified!

In order to create a playlist on Sporcle, you need to verify the email address you used during registration. Go to your Sporcle Settings to finish the process.

Report this User

Report this user for behavior that violates our Community Guidelines.

Details: